World Trade Organization : International trade statistics 2004.
| Format: | Book |
|---|---|
| Published: |
Geneva:
World Trade Organisation,
2004.
|
| Subjects: |
| LEADER | 00435cam a2200133 7i4500 | ||
|---|---|---|---|
| 001 | 0000015172 | ||
| 005 | 20050615090000.0 | ||
| 020 | 0 | 0 | |a 92-870-0241- X |
| 090 | 0 | 0 | |a I 382.1042 |b WOR |
| 245 | 0 | 0 | |a World Trade Organization : |b International trade statistics 2004. |
| 260 | 0 | 0 | |a Geneva: |b World Trade Organisation, |c 2004. |
| 300 | # | # | |a 229 p. |
| 650 | 0 | 0 | |a International trade -- |x Statistics |
| 999 | |a B000016902 |b Book |c Statistics |e Business Information Centre | ||